Reflexive Unternehmensführung Systemtheoretische Grundlagen rationalen Managements
Saved in:
| Main Author: | |
|---|---|
| Format: | Book |
| Language: | German |
| Published: |
Wiesbaden
Deutscher Universitäts Verlag
1995
|
| Edition: | 1. Aufl. |
| Series: | Ebs-Forschung
Bd. 2 |
| Subjects: | |
| Tags: |
No Tags, Be the first to tag this record!
|
MARC
| LEADER | 00000nam a2200000 4500 | ||
|---|---|---|---|
| 001 | c017679 | ||
| 005 | 20221205133458.7 | ||
| 020 | |a 3-8244-0271-8 | ||
| 041 | 0 | |a ger | |
| 044 | |a DE | ||
| 245 | 1 | 0 | |a Reflexive Unternehmensführung |b Systemtheoretische Grundlagen rationalen Managements |c Mathias Bühring-Uhle |
| 250 | |a 1. Aufl. | ||
| 264 | 1 | |a Wiesbaden |b Deutscher Universitäts Verlag |c 1995 | |
| 300 | |a 267 s. | ||
| 490 | 1 | |a Ebs-Forschung |v Bd. 2 | |
| 830 | 0 | |a Ebs-Forschung |v Bd. 2 | |
| 610 | 2 | 0 | |a riadenie podnikové |
| 610 | 2 | 0 | |a vedenie podniku |
| 610 | 2 | 0 | |a podnik |
| 610 | 2 | 0 | |a systémy sociálne |
| 610 | 2 | 0 | |a plánovanie strategické |
| 610 | 2 | 0 | |a kontrola |
| 610 | 2 | 0 | |a riziko |
| 610 | 2 | 0 | |a komunikácia |
| 610 | 2 | 0 | |a racionalizácia |
| 610 | 2 | 0 | |a organizácia podniku |
| 610 | 2 | 0 | |a rozhodovanie |
| 610 | 2 | 0 | |a kultúra podniková |
| 610 | 2 | 0 | |a analýzy |
| 610 | 2 | 0 | |a trh |
| 610 | 2 | 0 | |a modely |
| 610 | 2 | 0 | |a manažment |
| 100 | 1 | |a Bühring-Uhle, Mathias | |